[Event "7th Southwest Class Ch."]
[Site "Dallas"]
[Date "2016.02.13"]
[Round "5.17"]
[White "Green, Austin"]
[Black "Wang, Michael"]
[Result "1-0"]
[WhiteElo "2054"]
[BlackElo "2197"]
[PlyCount "199"]
[EventDate "2016.02.??"]
[EventType "swiss"]
[EventRounds "9"]
[EventCountry "USA"]

1. e4 e5 2. Nf3 Nc6 3. Bb5 Nf6 4. d3 d6 5. c3 Bd7 6. O-O g6 7. Re1 Bg7 8. Nbd2
O-O 9. Nf1 Nh5 10. Be3 Kh8 11. Ng3 Nxg3 12. fxg3 f5 13. Qd2 Qe8 14. Rf1 Rd8 15.
Rf2 a6 16. Ba4 Na5 17. Bc2 fxe4 18. dxe4 Nc4 19. Qc1 Nxe3 20. Qxe3 Qe7 21. Raf1
Rf6 22. Bb3 Bb5 23. c4 Bc6 24. Bc2 b5 25. Bd3 Rdf8 26. b3 h6 27. Nh4 Kh7 28.
Rxf6 Bxf6 29. Qa7 Ra8 30. Qf2 Kg7 31. Qf3 Bd7 32. Qe2 c6 33. Nf3 Qd8 34. Rd1
Qb6+ 35. Qf2 Qxf2+ 36. Kxf2 Kf7 37. Be2 Ke7 38. Ke3 Be6 39. Rc1 Kd7 40. Bd3 Rg8
41. Rf1 Ke7 42. Rc1 Rc8 43. Rc2 Bd7 44. Be2 Rb8 45. Nh4 Bg5+ 46. Kf2 Rf8+ 47.
Nf3 h5 48. Bd3 Bf6 49. Ke1 Rb8 50. Nh4 Be8 51. Nf3 Kd7 52. Be2 Bf7 53. Nd2 Bg5
54. g4 Rh8 55. Nf3 Bf6 56. g5 Bg7 57. h4 Be6 58. Bf1 Rf8 59. Kf2 Bg4 60. Bd3
Rf4 61. Kg3 Be6 62. Kf2 Rf8 63. Ke3 Rf7 64. Rc1 Bf8 65. Be2 Be7 66. Nh2 Rf4 67.
g3 Rf8 68. Rf1 Rh8 69. Kd2 Kc7 70. Kc3 Kb6 71. Rf2 Kc5 72. Bf1 Bd8 73. a3 bxc4
74. Bxc4 Bxc4 75. bxc4 Ba5+ 76. Kc2 Be1 77. Rf3 Kxc4 78. Nf1 Rg8 79. Rf6 Kc5
80. Kd3 a5 81. Ke2 Bc3 82. Ne3 a4 83. Nc2 Bb2 84. Kd3 d5 85. Nb4 Bxa3 86. Nxc6
dxe4+ 87. Kxe4 Bb2 88. Ne7 Ra8 89. Nxg6 a3 90. Nf8 a2 91. Ne6+ Kc4 92. Rf1 Re8
93. Ng7 Rf8 94. Rh1 a1=Q 95. Rxa1 Bxa1 96. Nxh5 Kc5 97. Nf6 Kd6 98. Nh7 Ke6 99.
Nxf8+ Kf7 100. Nd7 1-0

[Event "7th Southwest Class Ch."]
[Site "Dallas"]
[Date "2016.02.13"]
[Round "5.18"]
[White "Serna, Jeffery"]
[Black "Yanayt, Eugene"]
[Result "1/2-1/2"]
[WhiteElo "2009"]
[BlackElo "2190"]
[PlyCount "43"]
[EventDate "2016.02.??"]
[EventType "swiss"]
[EventRounds "9"]
[EventCountry "USA"]

1. e4 c5 2. c3 Nf6 3. e5 Nd5 4. Bc4 Nb6 5. Bb3 g6 6. Nf3 Bg7 7. a4 a5 8. Na3
Nc6 9. d4 cxd4 10. cxd4 O-O 11. O-O d6 12. exd6 Bg4 13. Nb5 exd6 14. Bf4 Bxf3
15. Qxf3 d5 16. Bc7 Nxd4 17. Qd3 Qf6 18. Nxd4 Qxd4 19. Qxd4 Bxd4 20. Rad1 Rac8
21. Bxb6 Bxb6 22. Rxd5 {Game drawn} 1/2-1/2

[Event "7th Southwest Class Ch."]
[Site "Dallas"]
[Date "2016.02.13"]
[Round "5.19"]
[White "Roach, Andrew"]
[Black "Ghatti, Sanjay"]
[Result "1-0"]
[WhiteElo "2172"]
[BlackElo "1977"]
[PlyCount "46"]
[EventDate "2016.02.??"]
[EventType "swiss"]
[EventRounds "9"]
[EventCountry "USA"]

1. e4 c6 2. d4 d5 3. e5 c5 4. dxc5 Nc6 5. Nf3 Bg4 6. c3 a6 7. Be2 e6 8. Be3
Bxf3 9. Bxf3 Nxe5 10. Be2 Nf6 11. Nd2 Be7 12. O-O O-O 13. b4 a5 14. a3 axb4 15.
axb4 Rxa1 16. Qxa1 Neg4 17. Bg5 Qc7 18. Nf3 h6 19. Bh4 Ne4 20. Bxe7 Qxe7 21. h3
Ngf6 22. Rd1 Nh5 23. c4 Nf4 {White wins after move 60} 1-0

[Event "7th Southwest Class Ch."]
[Site "Dallas"]
[Date "2016.02.13"]
[Round "5.20"]
[White "Toolin, Christopher"]
[Black "Gutman, Joshua"]
[Result "1-0"]
[WhiteElo "2241"]
[BlackElo "2092"]
[PlyCount "80"]
[EventDate "2016.02.??"]
[EventType "swiss"]
[EventRounds "9"]
[EventCountry "USA"]

1. d4 d5 2. Nf3 Nf6 3. c4 c6 4. Nc3 dxc4 5. a4 Bf5 6. Ne5 Nbd7 7. Nxc4 Nb6 8.
Ne5 a5 9. f3 Nfd7 10. Nxd7 Nxd7 11. e4 Bg6 12. Be2 e5 13. Be3 Qb6 14. Qd2 Bb4
15. Rd1 O-O 16. h4 h6 17. h5 Bh7 18. dxe5 Bc5 19. Bxh6 gxh6 20. Qxh6 Qxb2 21.
Rd3 Kh8 22. f4 Rae8 23. f5 Rg8 24. Kf1 Bf8 25. Qe3 Nxe5 26. Nd1 Qb4 27. Rb3 Qe7
28. Nf2 f6 29. Qb6 Bh6 30. Rhh3 Bxf5 31. Rhc3 Be6 32. Rb2 Qg7 33. g3 Re7 34.
Qxa5 Rd7 35. Qb6 Qg5 36. Kg2 Rdg7 37. Qc5 Qxg3+ 38. Rxg3 Rxg3+ 39. Kh2 Rg2+ 40.
Kh1 Rg1+ 1-0

[Event "7th Southwest Class Ch."]
[Site "Dallas"]
[Date "2016.02.13"]
[Round "5.21"]
[White "Eckert, Doug"]
[Black "Guo, Arthur"]
[Result "1-0"]
[WhiteElo "2190"]
[BlackElo "2010"]
[PlyCount "75"]
[EventDate "2016.02.??"]
[EventType "swiss"]
[EventRounds "9"]
[EventCountry "USA"]

1. c4 Nf6 2. g3 e6 3. Bg2 d5 4. Nf3 Be7 5. O-O O-O 6. b3 c6 7. Bb2 Nbd7 8. d3
Qc7 9. Nbd2 b6 10. Qc2 Bd6 11. Rac1 c5 12. cxd5 Nxd5 13. Nc4 Bb7 14. Nxd6 Qxd6
15. d4 cxd4 16. Bxd4 Rac8 17. Qb2 f6 18. Rcd1 e5 19. e4 exd4 20. Rxd4 Qe6 21.
exd5 Bxd5 22. Ng5 Qe7 23. Bxd5+ Kh8 24. Nf3 Ne5 25. Nxe5 Qxe5 26. Rd2 Qh5 27.
Bg2 Rfe8 28. h3 Re7 29. Rfd1 Rce8 30. Rd8 h6 31. Rxe8+ Qxe8 32. Qd4 Re1+ 33.
Rxe1 Qxe1+ 34. Kh2 Qe8 35. Be4 a5 36. Qd5 Qb8 37. Qa8 Qxa8 38. Bxa8 1-0

[Event "7th Southwest Class Ch."]
[Site "Dallas"]
[Date "2016.02.13"]
[Round "5.22"]
[White "De Jesus, Jeffery"]
[Black "Kelly, Joey"]
[Result "0-1"]
[WhiteElo "2169"]
[BlackElo "2016"]
[PlyCount "80"]
[EventDate "2016.02.??"]
[EventType "swiss"]
[EventRounds "9"]
[EventCountry "USA"]

1. e4 c5 2. Nc3 Nc6 3. f4 g6 4. Nf3 Bg7 5. Bc4 e6 6. f5 Nge7 7. fxe6 fxe6 8. d3
d5 9. Bb3 O-O 10. O-O a6 11. a4 Rb8 12. Qe1 b5 13. Qh4 c4 14. Bh6 Nf5 15. Qxd8
Rxd8 16. Bxg7 Nxg7 17. axb5 axb5 18. exd5 exd5 19. dxc4 dxc4 20. Ba2 Bf5 21.
Nxb5 Na5 22. Nbd4 Bxc2 23. Bb1 Nb3 24. Bxc2 Nxd4 25. Nxd4 Rxd4 26. Ra4 Ne6 27.
Rd1 Rxd1+ 28. Bxd1 Rxb2 29. Kf1 Rd2 30. Bg4 Nf4 31. Rxc4 Nxg2 32. Re4 g5 33.
Be2 Nh4 34. Re7 Ng6 35. Bc4+ Kh8 36. Re2 Rd4 37. Ba2 Nf4 38. Rb2 Rd1+ 39. Kf2
Nd3+ 40. Ke2 Nxb2 0-1

[Event "7th Southwest Class Ch."]
[Site "Dallas"]
[Date "2016.02.13"]
[Round "5.23"]
[White "Li, Ruifing"]
[Black "Song, Terry"]
[Result "1/2-1/2"]
[WhiteElo "2483"]
[BlackElo "2200"]
[PlyCount "48"]
[EventDate "2016.02.??"]
[EventType "swiss"]
[EventRounds "9"]
[EventCountry "USA"]

1. e4 c5 2. Nc3 a6 3. Nf3 d6 4. d4 cxd4 5. Nxd4 Nf6 6. h3 e5 7. Nb3 Be6 8. Be3
Be7 9. Qf3 O-O 10. O-O-O Nbd7 11. g4 a5 12. Bb5 Ne8 13. a4 Nc7 14. Be2 Qb8 15.
Kb1 Rc8 16. g5 b5 17. Nxb5 Nxb5 18. Bxb5 Nb6 19. Rd5 Nxa4 20. Bxa4 Qb4 21. Rxa5
Rxa5 22. Nxa5 Ba2+ 23. Kxa2 Qxa4+ 24. Kb1 Qxc2+ 1/2-1/2

[Event "7th Southwest Class Ch."]
[Site "Dallas"]
[Date "2016.02.13"]
[Round "5.24"]
[White "Vaidya, Atulya"]
[Black "Xie, Tianming"]
[Result "1/2-1/2"]
[WhiteElo "2103"]
[BlackElo "1988"]
[PlyCount "61"]
[EventDate "2016.02.??"]
[EventType "swiss"]
[EventRounds "9"]
[EventCountry "USA"]

1. d4 d5 2. c4 e6 3. Nc3 Be7 4. Qc2 c6 5. cxd5 exd5 6. Nf3 Nf6 7. Bg5 O-O 8. e3
Bg4 9. Ne5 Nfd7 10. h3 Bh5 11. f4 Nxe5 12. dxe5 Nd7 13. Bxe7 Qxe7 14. Bd3 f6
15. Bxh7+ Kh8 16. O-O fxe5 17. Bg6 Bxg6 18. Qxg6 exf4 19. exf4 Qe3+ 20. Kh1
Rxf4 21. Qh5+ Kg8 22. Nxd5 Rxf1+ 23. Rxf1 Qe6 24. Nc7 Qc4 25. Re1 Rf8 26. Ne6
Rf7 27. b3 Qb4 28. Rd1 Nf8 29. Nd8 Rf2 30. Qe8 a6 31. Qe3 {Game drawn} 1/2-1/2

[Event "7th Southwest Class Ch."]
[Site "Dallas"]
[Date "2016.02.13"]
[Round "5.25"]
[White "Ragolta, Eduardo"]
[Black "Johnston, Daniel"]
[Result "1-0"]
[WhiteElo "2167"]
[BlackElo "1906"]
[PlyCount "107"]
[EventDate "2016.02.??"]
[EventType "swiss"]
[EventRounds "9"]
[EventCountry "USA"]

1. d4 Nf6 2. c4 g6 3. Nc3 d5 4. h4 h5 5. Bg5 dxc4 6. e4 Bg7 7. Bxc4 O-O 8. Nge2
c5 9. d5 Nh7 10. Be3 a6 11. a4 b6 12. Qd2 Nd7 13. Nf4 Ne5 14. Be2 Nf6 15. f3
Qc7 16. Rc1 Ne8 17. b3 Nd6 18. Nd1 a5 19. Nf2 f5 20. Bd4 Nec4 21. Rxc4 Bxd4 22.
Nxg6 Rf6 23. Qxd4 Rxg6 24. Rc2 Rxg2 25. e5 Nf7 26. f4 Bb7 27. Qd3 Rd8 28. Qxf5
Bxd5 29. Bxh5 Nh6 30. Qh3 Qc6 31. Rd2 Kh8 32. Bf3 Rg7 33. Bxd5 Rxd5 34. Rxd5
Qxd5 35. Qd3 Qxd3 36. Nxd3 Rg3 37. Nf2 Rxb3 38. Rh3 Rxh3 39. Nxh3 Nf5 40. Kd2
Nxh4 41. Kc3 Nf3 42. Kc4 Nd4 43. f5 Nxf5 44. Nf4 Kg7 45. Nd5 Kf7 46. Nxb6 Nd4
47. Nd7 Ke6 48. Nxc5+ Kxe5 49. Nb7 Nb3 50. Kxb3 Kd4 51. Nxa5 e5 52. Nc4 e4 53.
a5 Kc5 54. Kc3 1-0

[Event "7th Southwest Class Ch."]
[Site "Dallas"]
[Date "2016.02.13"]
[Round "5.26"]
[White "Githoro, Mbugua B"]
[Black "Polavaram, Rithik"]
[Result "1-0"]
[WhiteElo "2042"]
[BlackElo "1826"]
[PlyCount "71"]
[EventDate "2016.02.??"]
[EventType "swiss"]
[EventRounds "9"]
[EventCountry "USA"]

1. e4 e5 2. Nf3 Nc6 3. Bc4 Bc5 4. c3 Nf6 5. d4 exd4 6. cxd4 Bb4+ 7. Bd2 Bxd2+
8. Nbxd2 d5 9. exd5 Nxd5 10. O-O O-O 11. Ne5 Nxd4 12. Nb3 Nxb3 13. Bxd5 Nxa1
14. Bxf7+ Kh8 15. Qh5 h6 16. Rd1 Bg4 17. Ng6+ Kh7 18. Rxd8 Rxf7 19. Qxg4 Rxd8
20. h4 Rd5 21. h5 Rdf5 22. Qe4 R5f6 23. Qe8 Rxg6 24. hxg6+ Kxg6 25. Qe4+ Kf6
26. Qd4+ Kg6 27. Qe4+ Kf6 28. g4 g5 29. f4 a6 30. Qd4+ Kg6 31. f5+ Kh7 32. f6
Kg8 33. Qe5 b6 34. Qe8+ Rf8 35. Qg6+ Kh8 36. Qg7# 1-0

[Event "7th Southwest Class Ch."]
[Site "Dallas"]
[Date "2016.02.13"]
[Round "5.27"]
[White "Brooks, Curtis"]
[Black "Webster, Brad"]
[Result "1-0"]
[WhiteElo "2022"]
[BlackElo "1792"]
[PlyCount "37"]
[EventDate "2016.02.??"]
[EventType "swiss"]
[EventRounds "9"]
[EventCountry "USA"]

1. e4 c5 2. d4 e6 3. c3 d5 4. e5 Nc6 5. Nf3 Qb6 6. Bd3 Bd7 7. O-O cxd4 8. cxd4
Nxd4 9. Nbd2 Nxf3+ 10. Nxf3 Bb5 11. Be3 Bc5 12. Bxb5+ Qxb5 13. Bxc5 Qxc5 14.
Rc1 Qb5 15. Rc7 Nh6 16. Ng5 O-O 17. Qc2 g6 18. Qc3 Rad8 19. Qh3 1-0

[Event "7th Southwest Class Ch."]
[Site "Dallas"]
[Date "2016.02.13"]
[Round "5.28"]
[White "Vaidya, Atreya"]
[Black "Haskin, Zachary J"]
[Result "1/2-1/2"]
[WhiteElo "1848"]
[BlackElo "2004"]
[PlyCount "53"]
[EventDate "2016.02.??"]
[EventType "swiss"]
[EventRounds "9"]
[EventCountry "USA"]

1. e4 e6 2. d4 d5 3. Nd2 Nf6 4. e5 Nfd7 5. Bd3 c5 6. c3 Nc6 7. Ne2 cxd4 8. cxd4
f6 9. exf6 Nxf6 10. O-O Bd6 11. Nf3 Qc7 12. h3 O-O 13. Be3 Bd7 14. a3 Be8 15.
Qc2 h6 16. Bg6 Bxg6 17. Qxg6 Qf7 18. Qxf7+ Rxf7 19. Nc3 Rc8 20. Nd2 Na5 21.
Rac1 Nd7 22. Nb5 Bb8 23. b4 Nc6 24. Nb3 a6 25. Nc3 Bd6 26. Na4 Ndb8 27. Nbc5
1/2-1/2

[Event "7th Southwest Class Ch."]
[Site "Dallas"]
[Date "2016.02.13"]
[Round "5.29"]
[White "Potula, Kapisk"]
[Black "Simms, Gary"]
[Result "1-0"]
[WhiteElo "2042"]
[BlackElo "2058"]
[PlyCount "99"]
[EventDate "2016.02.??"]
[EventType "swiss"]
[EventRounds "9"]
[EventCountry "USA"]

1. d4 d6 2. c4 e5 3. e3 f5 4. Nc3 Nf6 5. Bd3 Be7 6. Nge2 O-O 7. O-O Nc6 8. f3
g5 9. d5 Nb4 10. Bb1 a5 11. a3 Na6 12. Ng3 Ne8 13. b4 axb4 14. axb4 Bd7 15. Qb3
Kh8 16. Bb2 Ng7 17. Nce2 h5 18. f4 h4 19. Nh1 Bf6 20. fxe5 dxe5 21. Nf2 Qe8 22.
Nd3 Qh5 23. Rf2 Rae8 24. b5 Nb8 25. c5 f4 26. e4 Bg4 27. Ndc1 Bxe2 28. Nxe2 g4
29. Bc2 Bg5 30. Ra4 Nd7 31. Qc3 Nf6 32. c6 bxc6 33. dxc6 Kh7 34. Bc1 Kh6 35.
Qc5 Ne6 36. Qxe5 g3 37. Rf3 Ng4 38. Qd5 Nxh2 39. e5 Nf1 40. Qe4 Kg7 41. Nxf4
Bxf4 42. Rxf4 Nxf4 43. Bxf4 h3 44. e6 Qc5+ 45. Kh1 hxg2+ 46. Kxg2 Qf2+ 47. Kh3
Rh8+ 48. Kg4 Reg8 49. Qg6+ Kf8 50. e7+ 1-0

[Event "7th Southwest Class Ch."]
[Site "Dallas"]
[Date "2016.02.14"]
[Round "6.1"]
[White "Stukopin, Andrey"]
[Black "Xiong, Jeffery"]
[Result "1/2-1/2"]
[WhiteElo "2582"]
[BlackElo "2588"]
[PlyCount "97"]
[EventDate "2016.02.??"]
[EventType "swiss"]
[EventRounds "9"]
[EventCountry "USA"]

1. Nf3 Nf6 2. g3 b6 3. Bg2 Bb7 4. O-O g6 5. d3 Bg7 6. e4 d6 7. a4 O-O 8. Nc3 e5
9. Nd2 Nh5 10. Nc4 Nd7 11. f4 exf4 12. g4 Bd4+ 13. Kh1 Ng7 14. Ne2 Bf6 15. Nxf4
Bg5 16. d4 Re8 17. Qd3 Qe7 18. e5 Bxg2+ 19. Kxg2 dxe5 20. Nd5 Qe6 21. Nxc7
Qxg4+ 22. Kh1 e4 23. Qb3 e3 24. Nxe3 Bxe3 25. Qxf7+ Kh8 26. Nxe8 Nf5 27. Nf6
Qh3 28. Bxe3 Ng3+ 29. Kg1 Nxf1 30. Rxf1 Qxe3+ 31. Kh1 Nxf6 32. Qxf6+ Kg8 33.
Qf7+ Kh8 34. Qf6+ Kg8 35. Qf7+ Kh8 36. Qf3 Re8 37. Qxe3 Rxe3 38. Rf7 Re2 39.
Rc7 Rd2 40. c3 Rxb2 41. d5 Rd2 42. c4 a5 43. Kg1 Kg8 44. h3 Kf8 45. Rxh7 Ra2
46. Rc7 Rxa4 47. Kf2 Ra3 48. Rc6 Rxh3 49. Rxb6 1/2-1/2

[Event "7th Southwest Class Ch."]
[Site "Dallas"]
[Date "2016.02.14"]
[Round "6.2"]
[White "Macieja, Bartlomiej"]
[Black "Ruiz, Joshua D"]
[Result "1-0"]
[WhiteElo "2559"]
[BlackElo "2371"]
[PlyCount "115"]
[EventDate "2016.02.??"]
[EventType "swiss"]
[EventRounds "9"]
[EventCountry "USA"]

1. Nf3 Nf6 2. c4 c5 3. Nc3 Nc6 4. g3 g6 5. Bg2 Bg7 6. d4 cxd4 7. Nxd4 O-O 8.
O-O Qc7 9. Ndb5 Qd8 10. Nd5 d6 11. Bg5 Nxd5 12. cxd5 Ne5 13. Qb3 a6 14. Nd4 Nd7
15. Rfd1 Re8 16. Rac1 Bf6 17. Be3 Nc5 18. Qa3 Bd7 19. Nc6 Qc7 20. b4 bxc6 21.
bxc5 cxd5 22. Bxd5 Rab8 23. cxd6 Qd8 24. dxe7 Qxe7 25. Qxe7 Rxe7 26. Bc5 Rxe2
27. Bf3 Bb5 28. Bxe2 Bxe2 29. Rd6 Bg7 30. Rb6 Re8 31. Bd6 Bh6 32. Rcb1 Bb5 33.
Rb8 Rxb8 34. Bxb8 f5 35. Bf4 Bf8 36. Rc1 a5 37. Rc8 Kf7 38. Rc7+ Kg8 39. Rc8
Kf7 40. Rc7+ Kg8 41. Be3 Bd6 42. Ra7 a4 43. Ra5 Be8 44. Ra8 Kf8 45. Bh6+ Ke7
46. Ra7+ Bd7 47. Bf8+ Kxf8 48. Rxd7 Be7 49. Kf1 Kf7 50. Ke2 Ke6 51. Ra7 a3 52.
f4 h6 53. Kd3 g5 54. Ra6+ Bd6 55. fxg5 hxg5 56. h4 g4 57. h5 f4 58. Ke2 1-0

[Event "7th Southwest Class Ch."]
[Site "Dallas"]
[Date "2016.02.14"]
[Round "6.3"]
[White "Panchanatham, Vignesh"]
[Black "Barshpolets, Andrey"]
[Result "0-1"]
[WhiteElo "2339"]
[BlackElo "2548"]
[PlyCount "98"]
[EventDate "2016.02.??"]
[EventType "swiss"]
[EventRounds "9"]
[EventCountry "USA"]

1. d4 Nf6 2. c4 e6 3. Nf3 d5 4. cxd5 exd5 5. Nc3 c6 6. Qc2 g6 7. Bg5 Be7 8. e4
dxe4 9. Bxf6 Bxf6 10. Qxe4+ Kf8 11. O-O-O Nd7 12. Bc4 Kg7 13. h4 Nb6 14. Bb3
Bf5 15. Qf4 h5 16. Ne5 Nd5 17. Bxd5 cxd5 18. f3 Rc8 19. Rd2 Qb6 20. Re2 Rxc3+
21. bxc3 Qb1+ 22. Kd2 Qxh1 23. Nxf7 Rc8 24. Nd6 Qb1 25. Nxc8 Qc2+ 26. Ke1 Qxc3+
27. Kf2 Bxc8 28. Kg3 Bf5 29. Rd2 Qc1 30. Kh2 Bd8 31. g3 Qc7 32. Qe3 Bxh4 33.
Qe5+ Qxe5 34. dxe5 Be7 35. Rxd5 Be6 36. Rd2 b5 37. Rc2 a5 38. Kg2 Kf7 39. Kf2
Bc4 40. Ke3 Ke6 41. Kd4 a4 42. g4 hxg4 43. fxg4 Bd8 44. Rh2 Bc7 45. Rh6 Bxe5+
46. Kc5 Kf6 47. a3 Kg5 48. Rh1 Kxg4 49. Rg1+ Kf5 0-1

[Event "7th Southwest Class Ch."]
[Site "Dallas"]
[Date "2016.02.14"]
[Round "6.4"]
[White "Holt, Conrad"]
[Black "Hilby, Craig"]
[Result "1-0"]
[WhiteElo "2542"]
[BlackElo "2347"]
[PlyCount "83"]
[EventDate "2016.02.??"]
[EventType "swiss"]
[EventRounds "9"]
[EventCountry "USA"]

1. d4 Nf6 2. c4 e6 3. Nc3 c5 4. d5 exd5 5. cxd5 d6 6. e4 g6 7. h3 Bg7 8. Nf3
O-O 9. Bd3 a6 10. a4 Re8 11. O-O Nh5 12. Re1 Nd7 13. Be2 Rb8 14. Be3 Qc7 15.
Nd2 Nhf6 16. Qc2 b6 17. Rad1 h6 18. f4 Nh5 19. Kh2 Qd8 20. g3 Nf8 21. Nf3 Qd7
22. Bf1 b5 23. axb5 axb5 24. e5 dxe5 25. Nxe5 Bxe5 26. fxe5 Rxe5 27. Bxh6 Qd6
28. Qf2 Rxe1 29. Rxe1 Bf5 30. Nxb5 Qxd5 31. g4 Bd3 32. gxh5 Rxb5 33. Qf6 Qd4
34. Qxd4 cxd4 35. Bxd3 Rxb2+ 36. Kg1 Rb3 37. Bc4 Rc3 38. Bd5 Rxh3 39. Re7 Ne6
40. hxg6 Rxh6 41. gxf7+ Kg7 42. Rxe6 1-0

[Event "7th Southwest Class Ch."]
[Site "Dallas"]
[Date "2016.02.14"]
[Round "6.5"]
[White "Furfine, Jacob"]
[Black "Li, Ruifeng"]
[Result "1/2-1/2"]
[WhiteElo "2181"]
[BlackElo "2483"]
[PlyCount "178"]
[EventDate "2016.02.??"]
[EventType "swiss"]
[EventRounds "9"]
[EventCountry "USA"]

1. d4 Nf6 2. Nf3 e6 3. Bf4 c5 4. c3 d5 5. e3 Nc6 6. Nbd2 Bd6 7. Bg3 O-O 8. Bd3
b6 9. e4 dxe4 10. Nxe4 Nxe4 11. Bxe4 Bb7 12. O-O Bxg3 13. hxg3 cxd4 14. Nxd4
Na5 15. Bxb7 Nxb7 16. Qf3 Qc7 17. Rfd1 a6 18. Rd2 Rfd8 19. Rad1 Rd5 20. Nb3
Rxd2 21. Rxd2 h6 22. Qd1 Rd8 23. Rxd8+ Nxd8 24. Qd3 b5 25. Qd4 Nc6 26. Qc5 Qd7
27. Nd4 Nxd4 28. cxd4 Qd8 29. Kf1 Qa5 30. Qc8+ Kh7 31. Qc2+ g6 32. a3 Kg7 33.
Ke2 Qb6 34. Qc5 Qb7 35. f3 h5 36. Ke3 Qd7 37. Ke4 Kg8 38. b4 Qd8 39. Qe5 Qc8
40. Qc5 Qb8 41. Qe5 Qd8 42. Qc5 Qf6 43. Qe5 Qd8 44. Qc5 Qd7 45. Ke5 Kg7 46. Ke4
f6 47. Ke3 Kf7 48. Ke4 Kg7 49. Ke3 g5 50. f4 Kg6 51. fxg5 fxg5 52. Qc2+ Kf6 53.
Qf2+ Kg7 54. Qf3 Qc7 55. Qxh5 Qxg3+ 56. Qf3 Qe1+ 57. Kd3 Qb1+ 58. Ke3 Qc1+ 59.
Ke4 Qc7 60. Qg4 Qc6+ 61. Ke3 Qc3+ 62. Ke4 Qc6+ 63. Ke3 Qd5 64. Qe4 Qb3+ 65. Qd3
Qd5 66. Qe4 Qb3+ 67. Qd3 Qb2 68. Kf3 Kf6 69. Qe3 Qa2 70. Kg3 Qd5 71. Qf3+ Qf5
72. Kf2 Ke7 73. Ke3 Kd6 74. Qe4 Qf1 75. Qe5+ Kd7 76. Qg3 Qc1+ 77. Ke2 Qc2+ 78.
Kf3 Qd1+ 79. Ke3 Qb3+ 80. Kf2 Qb2+ 81. Ke1 Qxd4 82. Qxg5 Qa1+ 83. Ke2 Qxa3 84.
Qg7+ Kc6 85. Qe7 Qa2+ 86. Ke3 Qb3+ 87. Kd2 Kd5 88. Qd7+ Ke5 89. Qg7+ Kf4
1/2-1/2

[Event "7th Southwest Class Ch."]
[Site "Dallas"]
[Date "2016.02.14"]
[Round "6.6"]
[White "Gurevich, Daniel"]
[Black "Peng, David T"]
[Result "1/2-1/2"]
[WhiteElo "2477"]
[BlackElo "2483"]
[PlyCount "119"]
[EventDate "2016.02.??"]
[EventType "swiss"]
[EventRounds "9"]
[EventCountry "USA"]

1. Nf3 d5 2. d4 Nf6 3. c4 e6 4. Nc3 Bb4 5. Bg5 h6 6. Bxf6 Qxf6 7. Qb3 Bxc3+ 8.
Qxc3 c6 9. e3 O-O 10. Bd3 Nd7 11. O-O dxc4 12. Bxc4 b6 13. Bd3 Bb7 14. Be4 Qe7
15. Rac1 Rac8 16. Ne5 Nxe5 17. dxe5 c5 18. Bxb7 Qxb7 19. Rfd1 Rfd8 20. f3 Rd7
21. Rd2 Rxd2 22. Qxd2 Qc7 23. Qc3 Qd7 24. h3 Rd8 25. a3 Qb5 26. Qc2 Qd3 27. Qc3
Qe2 28. Re1 Qd2 29. Rc1 a5 30. Qxd2 Rxd2 31. b4 cxb4 32. axb4 axb4 33. Rb1 Rd5
34. Rxb4 b5 35. f4 Kf8 36. e4 Rc5 37. Kf2 Ke7 38. Rd4 Rc2+ 39. Kf3 Rc3+ 40. Kf2
Rc2+ 41. Kf3 Rb2 42. Rd6 b4 43. Rb6 b3 44. Rb7+ Ke8 45. f5 Rb1 46. Ke3 b2 47.
Kd3 exf5 48. exf5 Rd1+ 49. Kc2 Re1 50. Rxb2 Rxe5 51. Kd3 Rxf5 52. Ke4 Ra5 53.
Rb7 g6 54. Kf4 Kf8 55. g3 Kg7 56. h4 h5 57. Kf3 Ra3+ 58. Kf4 Ra4+ 59. Kf3 Rd4
60. Rb6 1/2-1/2

[Event "7th Southwest Class Ch."]
[Site "Dallas"]
[Date "2016.02.14"]
[Round "6.7"]
[White "Langer, Michael"]
[Black "Liang, Awonder"]
[Result "1/2-1/2"]
[WhiteElo "2198"]
[BlackElo "2379"]
[PlyCount "66"]
[EventDate "2016.02.??"]
[EventType "swiss"]
[EventRounds "9"]
[EventCountry "USA"]

1. e4 c5 2. Nf3 e6 3. d3 Nc6 4. g3 g6 5. Bg2 Bg7 6. O-O Nge7 7. c3 d5 8. Nbd2
O-O 9. Re1 Qc7 10. Qe2 e5 11. exd5 Nxd5 12. Nc4 Re8 13. Ng5 Nb6 14. Be3 h6 15.
Ne4 Nxc4 16. dxc4 f5 17. Nxc5 e4 18. f3 b6 19. Nb3 Bb7 20. fxe4 fxe4 21. Nd2
Ne5 22. Nxe4 Qxc4 23. Nf6+ Bxf6 24. Bxb7 Rab8 25. Bd4 Qf7 26. Bg2 Ng4 27. Qf3
Bxd4+ 28. cxd4 Rxe1+ 29. Rxe1 Re8 30. Qxf7+ Kxf7 31. Rxe8 Kxe8 32. Bf3 Nf6 33.
Bd1 Kf7 {Game drawn on move 68 in a B v N endgame} 1/2-1/2

[Event "7th Southwest Class Ch."]
[Site "Dallas"]
[Date "2016.02.14"]
[Round "6.8"]
[White "Andrenko, Iryna"]
[Black "Kiewra, Keaton"]
[Result "0-1"]
[WhiteElo "2217"]
[BlackElo "2428"]
[PlyCount "90"]
[EventDate "2016.02.??"]
[EventType "swiss"]
[EventRounds "9"]
[EventCountry "USA"]

1. e4 c5 2. Nf3 e6 3. d4 cxd4 4. Nxd4 Nc6 5. Nc3 a6 6. g3 Qc7 7. Bg2 Nf6 8. O-O
Bc5 9. Be3 Ne5 10. h3 Nc4 11. Bc1 Ba7 12. b3 Ne5 13. Bb2 O-O 14. a4 d6 15. Kh2
Bd7 16. f4 Nc6 17. Nxc6 Bxc6 18. Qd3 Rac8 19. g4 d5 20. e5 d4 21. Ba3 Bxg2 22.
Kxg2 Rfd8 23. exf6 dxc3 24. Qe4 Rd2+ 25. Kg3 gxf6 26. Bc1 Rd4 27. Qf3 Rd5 28.
Be3 Bxe3 29. Qxe3 Rd2 30. Rf2 Rcd8 31. Raf1 R8d5 32. Qe4 R5d4 33. Qf3 Kg7 34.
Kg2 Rxf4 35. Qe3 Qe5 36. Qxe5 fxe5 37. Kg3 Rfxf2 38. Rxf2 Rxf2 39. Kxf2 Kg6 40.
Ke3 Kg5 41. Kd3 Kf4 42. Kxc3 Kf3 43. Kd2 Kf2 44. Kd3 f5 45. g5 e4+ 0-1

[Event "7th Southwest Class Ch."]
[Site "Dallas"]
[Date "2016.02.14"]
[Round "6.9"]
[White "Sawyer, Bradley"]
[Black "Brown, Michael"]
[Result "1/2-1/2"]
[WhiteElo "2124"]
[BlackElo "2424"]
[PlyCount "85"]
[EventDate "2016.02.??"]
[EventType "swiss"]
[EventRounds "9"]
[EventCountry "USA"]

1. c4 e5 2. g3 Nc6 3. Bg2 g6 4. Nc3 Bg7 5. d3 d6 6. e4 Nf6 7. Nge2 O-O 8. O-O
Nh5 9. Nd5 Be6 10. Be3 Nd4 11. Nxd4 exd4 12. Bd2 Qd7 13. Nf4 Nxf4 14. Bxf4 Rab8
15. a4 f5 16. Qd2 fxe4 17. Bxe4 Rbe8 18. Rfe1 Rf7 19. Bg2 c6 20. Bg5 Ref8 21.
Rf1 Bf5 22. b4 h6 23. Bxh6 Bxh6 24. Qxh6 Bxd3 25. Rfd1 Qf5 26. Qd2 Bc2 27. Rf1
Bd3 28. g4 Qxg4 29. Qxd3 Rf4 30. Ra3 Kg7 31. Qd1 Qe6 32. Qc2 R8f5 33. Rg3 Re5
34. Qd2 Qf7 35. Qd3 Qe6 36. Qd2 Qf7 37. Qd3 Qe6 38. Bh3 Qf6 39. Kh1 Rh5 40.
Rfg1 Rh6 41. R1g2 Rxf2 42. Rxf2 Qxf2 43. Rf3 1/2-1/2

[Event "7th Southwest Class Ch."]
[Site "Dallas"]
[Date "2016.02.14"]
[Round "6.10"]
[White "Green, Austin J"]
[Black "Aponte, Felix J"]
[Result "1/2-1/2"]
[WhiteElo "2054"]
[BlackElo "2409"]
[PlyCount "125"]
[EventDate "2016.02.??"]
[EventType "swiss"]
[EventRounds "9"]
[EventCountry "USA"]

1. e4 c5 2. Nf3 Nc6 3. d4 cxd4 4. Nxd4 e5 5. Nb5 d6 6. N1c3 a6 7. Na3 b5 8. Nd5
Nce7 9. c4 Nxd5 10. exd5 bxc4 11. Nxc4 Be7 12. Be3 Rb8 13. a4 f5 14. a5 f4 15.
Ba7 Ra8 16. Bb6 Qd7 17. Bd3 Bb7 18. Bc2 Kf8 19. Ba4 Qf5 20. O-O Nf6 21. Bc7 Qc8
22. Nxd6 Qxc7 23. Nxb7 Qxb7 24. Bc6 Qb8 25. Bxa8 Qxa8 26. d6 Bd8 27. b4 Kf7 28.
Rc1 Qb7 29. Qa4 Re8 30. Rc6 e4 31. Qb3+ Kg6 32. Qc4 e3 33. f3 e2 34. Re1 Qa7+
35. Kh1 Qf2 36. Qd3+ Kh6 37. Rcc1 Re5 38. d7 Re6 39. Qc4 Qe3 40. Rc2 Rd6 41.
Rcxe2 Qd4 42. Qxd4 Rxd4 43. Re6 Rxb4 44. Rd1 Bxa5 45. Rxa6 Bc7 46. Ra7 Bb6 47.
Rb7 Nxd7 48. Rbxd7 Be3 49. R7d5 Ra4 50. Rf1 Ra6 51. h4 Kg6 52. Kh2 h5 53. Rfd1
Kh6 54. Rd6+ Rxd6 55. Rxd6+ g6 56. g3 Kg7 57. Re6 Bf2 58. gxf4 Bxh4 59. Kh3 Bf2
60. Rc6 Kf7 61. Rc2 Be1 62. Re2 Bc3 63. Rc2 1/2-1/2